| 000 | 00632nam a22001937a 4500 | ||
|---|---|---|---|
| 005 | 20251108170111.0 | ||
| 008 | 250721s9999 xx 000 0 ara d | ||
| 082 | 1 | 4 | _aط/ق/سعد |
| 100 | 1 | _aشلبي، سعد إسماعيل | |
| 245 | 1 | 0 | _aإبراهيم يبحث عن الله / |
| 264 | 1 |
_aالقاهره : _bدار الفكر العربي، _c[19-]. |
|
| 300 | _a30ص | ||
| 490 | 0 | _aأطفالنا في رحاب القرآن الكريم : آيات و قصه ؛ 23 | |
| 650 | 1 | 7 | _aالأدب العربي |
| 650 | 1 | 7 | _aالقصص العربيه |
| 650 | 1 | 7 | _aأدب الأطفال |
| 942 |
_2ddc _cBK |
||
| 999 |
_c39747 _d39747 |
||